000 00383 a2200157 4500
001 152654
040 _cEscola São Tomás de Aquino
100 _aJOSÈ, Ganimédes
240 1 0 _aAwankana, o segredo da múmia inca.
_lpor
245 1 0 _aAwankana, o segredo da múmia inca.
300 _a69
362 0 _a2000
440 1 _aSaraiva
697 _a*LITERATURA JUVENIL
942 _cBK
999 _c152654
_d152654